1905 год на Дону / (Record no. 440936)
[ view plain ]
| 000 -LEADER | |
|---|---|
| fixed length control field | 00985nam a2200241 a 4500 |
| 003 - CONTROL NUMBER IDENTIFIER | |
| control field | AM-YeHGA |
| 005 - DATE AND TIME OF LATEST TRANSACTION | |
| control field | 20250617155856.0 |
| 008 - FIXED-LENGTH DATA ELEMENTS--GENERAL INFORMATION | |
| fixed length control field | 180709s1945 ru |||||r|||||001|0|rus|| |
| 040 ## - CATALOGING SOURCE | |
| Original cataloging agency | AM-YeHGA |
| 041 0# - LANGUAGE CODE | |
| Language code of text/sound track or separate title | rus |
| 090 ## - LOCALLY ASSIGNED LC-TYPE CALL NUMBER (OCLC); LOCAL CALL NUMBER (RLIN) | |
| -- | 443713 |
| 100 1# - MAIN ENTRY--PERSONAL NAME | |
| Personal name | Семернин, Петр Васильевич |
| 245 10 - TITLE STATEMENT | |
| Title | 1905 год на Дону / |
| Statement of responsibility, etc. | П. В. Семернин ; Партархив Ростовского обкома ВКП(б). |
| 250 ## - EDITION STATEMENT | |
| Edition statement | 2-е изд. |
| 260 ## - PUBLICATION, DISTRIBUTION, ETC. | |
| Place of publication, distribution, etc. | Ростов н/Дону : |
| Name of publisher, distributor, etc. | Ростовское обл. кн-во, |
| Date of publication, distribution, etc. | 1945. |
| 300 ## - PHYSICAL DESCRIPTION | |
| Extent | 165 с. ; |
| Dimensions | 17 см. |
| 504 ## - BIBLIOGRAPHY, ETC. NOTE | |
| Bibliography, etc. note | Библиогр.: "Указатель лит-ры и источников", стр. 151-53 |
| 650 14 - SUBJECT ADDED ENTRY--TOPICAL TERM | |
| Topical term or geographic name entry element | История СССР |
| 651 #4 - SUBJECT ADDED ENTRY--GEOGRAPHIC NAME | |
| Geographic name | Вольск, г. |
| General subdivision | История |
| 653 0# - INDEX TERM--UNCONTROLLED | |
| Uncontrolled term | Коммунистическое строительство - Вольск, г. |
| 710 2# - ADDED ENTRY--CORPORATE NAME | |
| Corporate name or jurisdiction name as entry element | Ростовский обком ВКП(б) |
| Subordinate unit | Партархив |
| 942 ## - ADDED ENTRY ELEMENTS (KOHA) | |
| Source of classification or shelving scheme | Universal Decimal Classification |
| Koha item type | Գրքեր / Books |
| Withdrawn status | Lost status | Damaged status | Not for loan | Collection | Home library | Current library | Date acquired | Total checkouts | Full call number | Barcode | Date last seen | Price effective from | Koha item type | Public note |
|---|---|---|---|---|---|---|---|---|---|---|---|---|---|---|
| General | Fundamental Scientific Library | Fundamental Scientific Library | 08/11/2019 | РД II/65451 | FL0603767 | 08/11/2019 | 08/11/2019 | Գրքեր / Books | 30 Days Loan | |||||
| General | Fundamental Scientific Library | Fundamental Scientific Library | 25/09/2020 | РД I/12085 | FL0627704 | 25/09/2020 | 25/09/2020 | Գրքեր / Books | 30 Days Loan |
ՀՀ Գիտությունների ազգային ակադեմիայի հիմնարար գիտական գրադարան = Fundamental Scientific Library of NAS RA
All site content, except where otherwise noted, is licensed under a